000 00651nam a22001937a 4500
005 20100730115348.0
010 _aENG-97018
020 _a9788178440873
_c250.00
035 _aEN-80551
037 _bDBAD/PUB
082 _a158.1
100 _aVohra, B.L.
_93746
245 _aHurdles to success /
_cby B.L.Vohra
260 _aNew Delhi
_bK.K.Publications
_c2010
270 _a4806/24, Bharat Ram Road Daryaganj
_bNew Delhi
_e110002
300 _a128p.
_c22cm (Hb)
942 _2ddc
_cEN
_h158.1
_mVOH
999 _c38216
_d38216